000 00569nam a22002297a 4500
003 UA-OsUOA
001 85119
007 ta
008 20120618b un ||||| |||| 00| 0 ukr d
100 _aКлодницький О.
090 _a82.09
_bК50
942 _cBK
040 _aUA-OsUOA
_bukr
_cUA-OsUOA
_dUA-OsUOA
245 _aДруга сторона медалі
300 _a65 с.
955 _a2
041 _aukr
080 _a82.09
260 _c1964
650 7 _a82 Література. Літературознавство
_2UDC
999 _c371430
_d371430